000 00516nam a2200169Ia 4500
999 _c56264
_d56264
001 23366
003 GE_BSU
005 20190501161502.0
008 181216s||||||||xx |||||||||||||| ||und||
040 _cGE_BSU
245 _aგადასახადები #16. 2018
_bელექტრონული ჟურნალი /
300 _acd
653 _acd
653 _aგადასახადები #16. 2018
653 _aელექტრონული ჟურნალი
942 _cCR
_2udc